=LDR 00000nam 2200000 4500 =001 NUTBA000000000002957 =005 20140714104219.0 =006 =007 =008 =020 ##$$a 979-002-377-4 =035 ##$$0010-071400000000145 =040 ##$$a NBPDMAT =082 ##$$a 635.9 =090 ##$$a 635.9 b Iin t =100 ##$$a Iin Hasim S =245 ##$$a Tanaman hias Indonesia / $c Iin Hasim S =260 ##$$a Jakarta : $b Penebar Swadaya, $c 2009 =300 ##$$a iv, 443 hlm. : $b ilus. ; $c 22 cm. =650 ##$$a Tanaman hias-Indonesia =990 ##$$a 21403227 =990 ##$$a 21400613/BPAP-NTB/20142014 =990 ##$$a 21400613/BPAP-NTB/20142014 =990 ##$$a 21400613/BPAP-NTB/20142014 =990 ##$$a 21400613/BPAP-NTB/20142014 =990 ##$$a 21400613/BPAP-NTB/20142014 =990 ##$$a 21601854/BPAP-NTB/2017 =990 ##$$a 85218521 =990 ##$$a 85228522 =990 ##$$a 21403230 =990 ##$$a 21403228 =990 ##$$a 21403227 =990 ##$$a 21403229 =990 ##$$a 21400613/BPAP-NTB/20142014 =990 ##$$a 21601854/BPAP-NTB/2017 =990 ##$$a 01201808521 =990 ##$$a 01201808522